[Event "4th Bugojno it"]
[Site "Bugojno YUG"]
[Date "1984.05.25"]
[Round "1"]
[White "Ivanovic, Bozidar"]
[Black "Andersson, Ulf"]
[Result "1-0"]
[WhiteElo "2525"]
[BlackElo "2630"]
[EventDate "1984.05.25"]
[PlyCount "119"]

1.e4 c5 2.Nf3 e6 3.d4 cxd4 4.Nxd4 Nc6 5.Nc3 a6 6.Be3 Nf6 7.Bd3 d5 8.O-O 
Bd6 9.exd5 exd5 10.Bf5 O-O 11.Bxc8 Rxc8 12.Nxc6 bxc6 13.Bd4 Nd7 14.Ne2 c5 
15.Be3 d4 16.Bf4 Qc7 17.Bxd6 Qxd6 18.Ng3 Qd5 19.Re1 g6 20.Qd2 Rfe8 21.Qa5 
Qc4 22.Rxe8+ Rxe8 23.Qd2 Nf6 24.b3 Qd5 25.Re1 Rxe1+ 26.Qxe1 h5 27.Qe2 h4 
28.Nf1 Kg7 29.Nd2 Qf5 30.Qd3 Qe6 31.Kf1 Qd6 32.Nf3 h3 33.gxh3 a5 34.c3 Nd5
35.cxd4 Nf4 36.Qe4 f5 37.Qb7+ Kh6 38.Qc8 Kh7 39.Ng5+ Kg7 40.Qb7+ Kf6 41.
Nh7+ Ke6 42.Qc8+ Kd5 43.dxc5 Qxc5 44.Qd7+ Qd6 45.Nf6+ Ke5 46.Qxd6+ Kxd6 
47.h4 Kc5 48.a3 Kd4 49.Nd7 Nd3 50.Ke2 Ke4 51.f3+ Kd4 52.Nf8 Nf4+ 53.Kd2 
Kd5 54.Nh7 Kd4 55.Nf8 Kd5 56.Kc3 Ne2+ 57.Kb2 Nf4 58.b4 axb4 59.axb4 Kd6 
60.Ka3 1-0